000 00238nam a2200097Ia 4500
001 642100
005 20250826153520.0
008 250824s9999 xx 000 0 und d
245 0 _aAĞAÇ OKUL
_cCAHİT ZARİFOĞLU
260 _bBEYAN YAYINLARI
999 _c642100
_d642100